Geografía Centroamericana - Estadísticas

Estadísticas generales
  • Esta prueba ha sido intentada 2.084 veces
  • La puntuación promedio es 12 de 20
Estadísticas de respuestas
Pregunta Respuesta % Correcto
¿Cuál océano limita con Centroamérica al sur? Océano {Pacífico}
98%
¿Cuál es el mar que toca casi todos los países centroamericanos? Caribe
94%
¿Cuántas zonas horarias hay en Centroamérica? 2
93%
¿Cuáles son los dos colores más usados en las banderas de los países centroaméricos? Azul
88%
¿Cuál es el país que no limita con este mar? El Salvador
88%
¿Cuáles son los dos colores más usados en las banderas de los países centroaméricos? Blanco
86%
¿Cuál país tiene inglés como idioma oficial? Belice
84%
¿Cuál es la religión predominante de Centroamérica? Cristianismo
81%
¿Cuál civilización dominaba Centroamérica por más que ocho siglos? Maya
80%
¿Cuál es la ciudad más poblada de Centroamérica? Ciudad de Guatemala
65%
En vez del tuteo, ¿cuál se utiliza por mucho de Centroamérica? Voseo
54%
Siendo prácticamente la única ciudad centroamericana con estas estructuras, ¿la ciudad de Panamá tiene 54 de qué? Rascacielos
50%
¿Cuál país insular ingresó en el SICA en 2013? República Dominicana
47%
¿Cómo se llama la moneda oficial de Guatemala? Quetzal
42%
¿Qué tipo de estructura geológica formó el punto más alto de Centroamérica? Volcán
39%
¿Es imposible manejar desde Norteamérica a Sudamérica a causa de cuál región? Región de {Darién}
32%
¿En qué año terminó la construcción del canal de Panamá? 1914
26%
¿Cuál ciudad se considera la capital del asesinato del mundo durante muchos años? San Pedro Sula
14%
Aparte de la palabra "hondureño," ¿cuál gentilicio coloquial refiere a una persona de Honduras? Catracho
11%
A veces llamado el Gran Lago de Nicaragua, ¿cuál es el único lago que alberga tiburones de agua dulce? Lago {Cocibolca}
8%
No se encontraron pruebas coincidentes
Distribución de puntuación
Porcentaje de gente con cada puntuación
Porcentaje por número respondido
Historial de tus puntuaciones
No has intentado esta prueba.